La cizaña
Gardado en:
| Main Authors: | , |
|---|---|
| Formato: | Libro |
| Idioma: | Lingua castelá |
| Publicado: |
Barcelona
Salvat
2005
|
| Edición: | 1a. ed |
| Series: | Una Aventura de Astérix, 15
|
| Subjects: | |
| Tags: |
Engadir etiqueta
Sen Etiquetas, Sexa o primeiro en etiquetar este rexistro!
|
MARC
| LEADER | 00000nam a2200000 a 4500 | ||
|---|---|---|---|
| 001 | UCH2585 | ||
| 003 | CL-VaPUC | ||
| 008 | 090618e20050000SP |||||||||||||||||spa|d | ||
| 020 | |a 9788434567337 | ||
| 082 | 0 | 4 | |a 740 |b GOS |2 21 |
| 100 | |a Goscinny, René |e author |9 553499 | ||
| 700 | 0 | |a Uderzo, Albert |e author |9 537502 | |
| 245 | 1 | 3 | |a La cizaña |
| 250 | |a 1a. ed | ||
| 300 | |a 48 p | ||
| 942 | |c BK | ||
| 945 | |d 20090618 00:00:00 |a cmena | ||
| 260 | |a Barcelona |b Salvat |c 2005 | ||
| 500 | |a Visita la página oficial: http://es.asterix.com | ||
| 600 | 0 | 7 | |a ASTERIX |2 CL-VaPUC |9 537503 |
| 650 | 7 | |a HISTORIETAS FRANCESAS |2 CL-VaPUC |9 537444 | |
| 650 | 0 | |a Cómics |9 369534 | |
| 650 | 7 | |a SATIRA Y HUMOR |2 CL-VaPUC |9 537445 | |
| 650 | 0 | |a Historia antigua |9 267521 | |
| 583 | |a last modification |c 20090618 00:00:00 |k Rodrigo Vera | ||
| 490 | 0 | |a Una Aventura de Astérix, 15 | |
| 999 | |c 334311 |d 334309 | ||
| 952 | |0 0 |1 0 |4 0 |6 740_000000000000000_GOS_2005 |7 0 |8 C |9 423278 |a BIBCUR |b BIBCUR |d 2019-11-22 |i 4554124 |o 740 GOS 2005 |p 4554124 |r 2025-04-22 |w 2019-11-22 |y BK |k CAC | ||